Consumer behaviour in tourism (Record no. 14176)

MARC details
000 -LEADER
fixed length control field 00480nam a2200181Ia 4500
008 - FIXED-LENGTH DATA ELEMENTS--GENERAL INFORMATION
fixed length control field 230917s9999||||xx |||||||||||||| ||und||
020 ## - ISBN
Price RS595
040 ## - CATALOGING SOURCE
-- 223723
Original cataloging agency VIVEKANANDA LIBRARY
041 ## - Language
-- English
082 ## - DDC NUMBER
Classification number 338.4791 S25C (2)
100 ## - MAIN ENTRY--PERSONAL NAME
Personal name Swarbrooke , John
245 #0 - TITLE STATEMENT
Title Consumer behaviour in tourism
250 ## - EDITION STATEMENT
Edition statement 2nd ed.
260 ## - PUBLICATION, DISTRIBUTION, ETC. (IMPRINT)
Place of publication, distribution, etc New Delhi
Name of publisher, distributor, etc Elsevier India
Date of publication, distribution, etc 2007
300 ## - PHYSICAL DESCRIPTION
Pages ix, 428 p.
500 ## - GENERAL NOTE
General note 1915 27/01/2015 APD1014539 20/02/2015 IHTM (SFS)
942 ## - ADDED ENTRY ELEMENTS (KOHA)
Koha item type Books
Holdings
Withdrawn status Lost status Damaged status Not for loan Location (home branch) Sublocation or collection (holding branch) Shelving location Date acquired Koha issues (times borrowed) Koha full call number Accession No. Koha date last seen Koha item type
        VIVEKANANDA LIBRARY VIVEKANANDA LIBRARY IHTM Library 29/04/2015   338.4791 S25C (2) 348777 17/09/2023 Books
© Designed and Maintained by Vivekananda Library, MDU Rohtak